Diccionario de la lengua española

Uloženo v:
Podrobná bibliografie
Korporativní autor: Real Academia Española (Autor)
Médium: Kniha
Jazyk:španělština
Vydáno: Madrid Espasa Calpe 1992
Vydání:21a. ed
Témata:
Tagy: Přidat tag
Žádné tagy, Buďte první, kdo vytvoří štítek k tomuto záznamu!

MARC

LEADER 00000nam a2200000 a 4500
001 UCZ2075
003 CL-VaPUC
008 950925e19920000SP |||||||||||||||||spa|d
020 |a 8423943992 
082 0 4 |a 463  |b REA  |2 21 
110 2 |a Real Academia Española  |e author  |9 345882 
245 1 0 |a Diccionario de la lengua española 
250 |a 21a. ed 
300 |a 1513 p 
942 |c BK 
945 |d 19950925 00:00:00  |a awong 
260 |a Madrid  |b Espasa Calpe  |c 1992 
650 0 |a Español  |9 255372 
650 0 |a Diccionarios  |9 256200 
583 |a last modification  |c 19950925 00:00:00  |k Rodrigo Vera 
999 |c 238727  |d 238725 
952 |0 0  |1 0  |4 0  |6 463_000000000000000_REA_1992  |7 0  |8 F  |9 249149  |a BIBGIM  |b BIBGIM  |d 2019-11-18  |i 3136604  |o 463 REA 1992  |p 3136604  |r 2025-01-15  |w 2019-11-18  |y BK_F  |k COM 
952 |0 0  |1 0  |4 0  |6 463_000000000000000_REA_1992  |7 0  |8 F  |9 249150  |a BIBEDU  |b BIBEDU  |d 2019-11-18  |i 2962055  |o 463 REA 1992  |p 2962055  |r 2023-01-13  |w 2019-11-18  |y BK_F  |k LIT 
952 |0 0  |1 0  |4 0  |6 463_000000000000000_REA_1992  |7 0  |8 F  |9 249151  |a BIBEDU  |b BIBEDU  |d 2019-11-18  |i 3048063  |o 463 REA 1992  |p 3048063  |r 2023-01-12  |w 2019-11-18  |y BK_F  |k MUS